| 000 | 01180nam2a2200229 4500 | ||
|---|---|---|---|
| 001 | rc\2826119 | ||
| 005 | 20260315044656.0 | ||
| 035 | _a(NLR Aleph) 006984276 | ||
| 090 |
_a13569866 _c13569866 |
||
| 100 | _a20110625d1932 u y0rusy50 ca | ||
| 101 | 0 | _arus | |
| 102 | _aRU | ||
| 105 | _ay z ||||| | ||
| 200 | 1 | _aДействие ледяного покрова на сооружения и борьба с ним | |
| 210 | _d1932 | ||
| 461 | 0 |
_1001rc\2826118 _12001#$a[Издания]$fНауч.-исслед. ин-т инж.-строит. гидротехники и инж. гидрологии$vВып. 2 _95563213 _aВсесоюзный научно-исследовательский институт инженерно-строительной гидротехники и инженерной гидрогеологии _cМосква _d1932 _fНауч.-исслед. ин-т инж.-строит. гидротехники и инж. гидрологии _nНКТП СССР _t[Издания] _vВып. 2 |
|
| 700 | 1 |
_aКомаровский _bА.Н. |
|
| 801 | 0 |
_aRU _bNLR _gpsbo |
|
| 801 | 1 |
_aRU _bELAR _2rusmarc |
|
| 852 |
_aNLR _j32-18/365 |
||
| 942 | _cUNSPEC | ||
| 980 | _aNB | ||